000
00314nam a2200133Ia 4500
005
20251222152007.0
008
251222s9999||||xx |||||||||||||| ||spa||
020
_a
978-84-7903-998-1
082
_a
570/C24
100
_a
"Campbell, Neil A.Reece, Jane B."
245
0
_a
BiologĂa
250
_a
7a.ed.
942
_c
LIB
999
_c
24774
_d
24774